Science Quiz

Random Science Quiz

Rho Motion Test Quiz Stats

 Plays Quiz not verified by Sporcle

Score 0/23 Timer 10:00
0 Plays Today
Question Answer % Correct
_____ = distance/timespeed
78.6%
_____ = distance/speedtime
78.6%
_____ = speed x timedistance
77.8%
_____ = mass x velocitymomentum
75.2%
_____ is speed in a given direction.velocity
74.4%
_____ is the rate at which an object moves.speed
74.4%
_____ = (final velocity - original velocity)/timeacceleration
71.8%
_____ is negative acceleration.deceleration
71.8%
100 meters measures _____distance
71.8%
_____ _____ ____ is the background or object that is being used for comparison.frame of reference
70.1%
_____ _____ is speed that does not change.constant speed
70.1%
An object traveling in circular motion is constantly changing _____.direction
70.1%
Question Answer % Correct
_____ is how hard something is to stop or how much force something will have when it hits something.momentum
69.2%
10 meters/second/second measures _____acceleration
68.4%
10 meters/second measures _____speed
67.5%
_____ is the most common frame of reference.earth
67.5%
_____ _____ is speed that changes.average speed
65.8%
_____ is the rate of change in velocity.acceleration
65%
2.8 grams-meters/second measures _____momentum
65%
_____ is a change in position in certain period of time.motion
62.4%
Find the speed given a distance of 100 meters and a time of 10 seconds.10 meters per second
57.3%
Find the acceleration if the original velocity is 8 m/sec west, the final velocity is 16 m/sec west and the time is 4 seconds.2 meters per second west
29.9%
Find the momentum given a velocity of 5 m/sec and a mass of 9 grams.45 meters-grams per second
24.8%

You're not logged in!

Compare scores with friends on all Sporcle quizzes.
OR
Log In

Show Comments

Extras

Created Oct 28, 2010ReportNominate
Tags:energy, force, motion, rho, test

Top Quizzes Today


Score Distribution

Your Account Isn't Verified!

In order to create a playlist on Sporcle, you need to verify the email address you used during registration. Go to your Sporcle Settings to finish the process.

Report this User

Report this user for behavior that violates our Community Guidelines.

Details: